| 000 | 01276nmc a2200421 a 4500 | ||
|---|---|---|---|
| 003 | AR-BaBNM | ||
| 005 | 20251128210535.0 | ||
| 008 | 120020s1999 ||||||||||||||000 | spa|| | ||
| 020 | _a84-277-1256-1 | ||
| 040 | _cAR-BaBNM | ||
| 100 | 1 | _aFernández, Isabel | |
| 245 | 1 | 0 |
_aPrevención de la violencia y resolución de conflictos _bel clima escolar como factor de calidad |
| 250 | _a2ª ed. | ||
| 260 |
_aMadrid _bNarcea _c1999 |
||
| 300 | 0 |
_a228 p. _btablas, gráfs. |
|
| 490 | 0 | _aEducación hoy | |
| 500 | 0 | _aContiene referencias bibliográficas | |
| 500 | 0 | _aContiene anexos con datos sobre organismos y asociaciones de interés | |
| 650 | 4 | _aDISCIPLINA ESCOLAR | |
| 650 | 4 | _aAMBIENTE EDUCACIONAL | |
| 650 | 4 | _aCALIDAD DE LA EDUCACION | |
| 650 | 4 | _aVIOLENCIA | |
| 650 | 4 | _aCONFLICTO | |
| 650 | 4 | _aSOLUCION DE CONFLICTOS | |
| 650 | 4 | _aNORMAS | |
| 650 | 4 | _aPARTICIPACION DEL ALUMNO | |
| 650 | 4 | _aROL DEL DOCENTE | |
| 650 | 4 | _aORGANIZACION ESCOLAR | |
| 650 | 4 | _aRELACIONES ENTRE PARES | |
| 651 | 4 | _aEspaña | |
| 653 | 0 | _aEDUCACION PARA LA CONVIVENCIA | |
| 653 | 0 | _aEDUCACION SECUNDARIA | |
| 653 | 0 | _aPROYECTOS CURRICULARES | |
| 653 | 0 | _aEDUCACION EN VALORES | |
| 700 | 1 |
_aMartín, Elena _eprologuista |
|
| 942 | _cBK | ||
| 998 | _cRaquel | ||
| 999 |
_c15868 _d15868 |
||